| 000 | 00482nam a2200193Ia 4500 | ||
|---|---|---|---|
| 005 | 20251020182527.0 | ||
| 008 | 200515s9999 xx 000 0 und d | ||
| 082 | _a693.58(094.8)/W62 | ||
| 100 | _aWHITE, Richard N.STEHLY, Richard D.WOOD, Alva D. | ||
| 245 | 0 | _aConcreto estructural | |
| 260 | _aLima | ||
| 260 | _c1998 | ||
| 500 | _a1 ejemplar | ||
| 650 | _aCONCRETO | ||
| 650 | _aCONCRETO ESTRUCTURAL | ||
| 650 | _aDISEÑO SISMORESISTENTE | ||
| 650 | _aLIB | ||
| 942 | _cLIB | ||
| 999 |
_c1954 _d1954 |
||